Ministrowie Rolnictwa i Rozwoju Wsi III RP - Statystyki

Ogólne statystyki
  • Ten quiz został rozwiązany 18 razy
  • Średni wynik to 6 z 27
Statystyki odpowiedzi
Imię i Nazwisko Partia Czas Urzędowania Rząd % Poprawnych
Andrzej Lepper SRP 2006 - 2007 Rząd Marcinkiewicza / Kaczyńskiego
73%
Jarosław Kalinowski PSL 1997 - 1997 Rząd Cimoszewicza
60%
Jarosław Kalinowski PSL 2001 - 2003 Rząd Millera
60%
Czesław Siekierski PSL 2023 - 2025 Trzeci Rząd Tuska
53%
Jan Krzysztof Ardanowski PiS 2018 - 2020 Pierwszy i Drugi Rząd Morawieckiego
47%
Marek Sawicki PSL 2007 - 2012 Pierwszy i Drugi Rząd Tuska
47%
Marek Sawicki PSL 2014 - 2015 Drugi Rząd Tusk / Rząd Kopacz
47%
Grzegorz Puda PiS 2020 - 2021 Drugi Rząd Morawieckiego
27%
Krzysztof Jurgiel PiS 2005 - 2006 Rząd Marcinkiewicza
27%
Krzysztof Jurgiel PiS 2015 - 2018 Rząd Szydło / Pierwszy Rząd Morawieckiego
27%
Robert Telus PiS 2023 - 2023 Drugi Rząd Morawieckiego
27%
Stefan Krajewski PSL 2025 - nadal Trzeci Rząd Tuska
27%
Gabriel Janowski PSL-PL 1991 - 1993 Rząd Olszewskiego / Suchockiej
20%
Henryk Kowalczyk PiS 2021 - 2023 Drugi Rząd Morawieckiego
20%
Roman Jagieliński PSL 1995 - 1997 Rząd Oleksego / Cimoszewicza
20%
Wojciech Olejniczak SLD 2003 - 2005 Rząd Millera / Pierwszy i Drugi Rząd Belki
20%
Artur Balazs SKL 1999 - 2001 Rząd Buzka
13%
Adam Tański bezpartyjny 1991 - 1991 Rząd Bieleckiego
7%
Adam Tański bezpartyjny 2003 - 2003 Rząd Millera
7%
Czesław Janicki PSL 1989 - 1990 Rząd Mazowieckiego
7%
Stanisław Kalemba PSL 2012 - 2014 Drugi Rząd Tuska
7%
Andrzej Śmietanko PSL 1993 - 1995 Rząd Pawlaka
0%
Anna Gembicka PiS 2023 - 2023 Trzeci Rząd Morawieckiego
0%
Jacek Janiszeski SKL 1997 - 1999 Rząd Buzka
0%
Janusz Byliński bezpartyjny 1990 - 1991 Rząd Mazowieckiego
0%
Józef Pilarczyk SLD 2005 - 2005 Drugi Rząd Belki
0%
Wojciech Mojzesowicz PiS 2007 - 2007 Rząd Kaczyńskiego
0%
Nie znaleziono quizów pasujących do podanych kryteriów
Rozkład punktacji
Procent ludzi z każdym wynikiem
Percentyl według liczby udzielonych odpowiedzi
Twoja historia wyników
Nie rozwiązałeś tego quizu